000 02398nam a2200469 i 4500
003 CO-BoRNBP
005 20230601193515.0
007 ta
008 211004r2016 ck bo||br|||| 00| j mul d
020 _a9789586643276
040 _aCO-BoRNBP
_bspa
_cCO-BoRNBP
_erda
041 0 _aspa
043 _0s-ck---
084 _aC BEN13
100 1 _aBent-Eden, Hildreth
_eautora
_92335
245 1 0 _aHistorias de Anansi
_bde la vieja Provedencia. Tal como fueron contadas en creole
_cpor Hildreth Dent.Eden, Delia Eden-Mc Lean y Dionicia Gómez Davis ; traducidas al español y al inglés por Marcia L. Dittmann ; ilustraciones José Jorge Eliécer Morales ; traducción de la introducción al inglés Ximena Londoño Iriarte ; traducción de la intoducción al creole Julie Espinosa
246 3 1 _aNansi Stories from Old Providence as told in Creole
246 3 1 _aNaansi stouri fahn Old Providence wehn tel in creole
250 _a1a. edición
264 1 _aBogotá
_bBanco de la República
_c2016
300 _a75 páginas
_bilustraciones
_c25 cm
336 _2rdacontent
_atexto
_btxt
337 _2rdamedia
_asin mediación
_bn
338 _2rdacarrier
_avolumen
_bnc
500 _aIncluye convenciones ortográficas para el creole inglés del Archipiélago, Universidad Cristiana de San Andrés, Providencia y Santa Catalina
504 _aIncluye referencias bibliográficas
521 _aRecomendado para un público infantil mayor de 9 años
546 _aTexto en español, inglés y creole del Archipiélago de San Andrés y Providencia
650 1 7 _aCuentos infantiles providencianos
_vColecciones
_2LEMB
_92336
650 1 7 _aLiteratura infantil providenciana
_vColecciones
_2LEMB
_92337
650 1 7 _aCuentos populares providencianos
_vColecciones
_2LEMB
_92338
650 1 7 _aLiteratura folclórica providenciana
_vColecciones
_2LEMB
_92339
650 1 7 _aHistoria oral
_zSan Andrés y Providencia (Islas, Colombia)
_vColecciones
_2LEMB
_92340
650 1 7 _aTradición oral
_zSan Andrés y Providencia (Islas, Colombia)
_vColecciones
_2LEMB
_92341
700 1 _aEden-Mc Lean, Delia
_eautora
_92342
700 1 _aGómez-Davis, Dionicia
_eautora
_92343
700 1 _aDittmann, Marcia Lynn
_etraductora
_92344
700 1 _aLondoño Iriarte, Ximena
_etraductora
_92345
700 1 _aEspinosa, Julie
_etraductora
_92346
700 1 _aMorales José Jorge Eliécer
_eilustrador
_92347
942 _cBKLIT
999 _c9622
_d9622